|
|
|
|
| LEADER |
00000nam0a2200000 4500 |
| 001 |
145131 |
| 005 |
20231031143942.0 |
| 035 |
|
|
|a (RuTPU)RU\TPU\book\157305
|
| 090 |
|
|
|a 145131
|
| 100 |
|
|
|a 20081013d1977 m y0rusy50 ca
|
| 101 |
0 |
|
|a rus
|
| 102 |
|
|
|a RU
|
| 105 |
|
|
|a a z 000ay
|
| 200 |
1 |
|
|a Русские оружейники
|e повести
|f Г. Д. Нагаев
|g худож. Е. С. Скрынников
|
| 210 |
|
|
|a Москва
|c Профиздат
|d 1977
|
| 215 |
|
|
|a 496 с.
|c ил.
|
| 610 |
1 |
|
|a советская литература
|
| 610 |
1 |
|
|a повести
|
| 675 |
|
|
|a Р2
|v 3
|
| 700 |
|
1 |
|a Нагаев
|b Г. Д.
|g Герман Данилович
|
| 702 |
|
1 |
|a Скрынников
|b Е. С.
|4 440
|
| 801 |
|
1 |
|a RU
|b 63413507
|c 20081013
|g PSBO
|
| 942 |
|
|
|c BK
|